| 000 | 00680nam a2200205 a 4500 | ||
|---|---|---|---|
| 001 | 000376374 | ||
| 003 | AM-YeHGA | ||
| 005 | 20250617132031.0 | ||
| 008 | 041102s1935 ai 000 | arm d | ||
| 040 | _aAM-YeHGA | ||
| 041 | 1 | _aarm | |
| 100 | 1 | _aՅուժին, Դ. | |
| 245 | 1 | 0 |
_aԱնդրեյի թռիչքը / _cԴ. Յուժին; Թարգմ.՝ Զ. Հովհաննիսյան. |
| 260 |
_aՅերեվան : _bՊետհրատ, _c1935. |
||
| 300 |
_a63 էջ : _bնկ. ; _c20 սմ. |
||
| 500 | _aՏողատ. ծանոթ. | ||
| 650 | 1 | 4 |
_aՌուս մանկական գրականություն _xՎիպակ |
| 700 | 1 |
_aՀովհաննիսյան, Զ. _eթարգմ. _4trl |
|
| 090 | _c145214 | ||
| 999 |
_c143833 _d143833 |
||